Statistics for NFL - Madden 23 AKA players

Click here to take the quiz!

General Stats

  • This quiz has been taken 82 times
    (68 since last reset)
  • The average score is 21 of 32

Answer Stats

HintAnswer% Correct
WR - CheetahTyreek Hill
93%
WR - D-HopDeAndre Hopkins
91%
QB - "The GOAT"Tom Brady
91%
RB - King HenryDerrick Henry
89%
QB - Danny DimesDaniel Jones
87%
QB - Joe ShiestyJoe Burrow
87%
WR - MegatronCalvin Johnson
84%
RB - CJ2KChris Johnson
84%
QB - A-rodAaron Rodgers
82%
CB - Prime TimeDeion Sanders
80%
WR - Scary TerryTerry Mclaurin
80%
QB - Big TruzzLamar Jackson
78%
QB - Matty IceMatt Ryan
78%
LE - MadMaxxMaxx Crosby
78%
WR - "G.O.A.T"Jerry Rice
76%
SS - Weapon XBrian Dawkins
73%
RB - Gus The BusGus Edwards
73%
RB - SweetnessWalter Payton
64%
CB - PS2Patrick Surtain II
62%
RB - The BusJerome Bettis
58%
FS - Honey BadgerTyrann Mathieu
58%
QB - The FridgeWilliam Perry
58%
LE - Milk ManJ.J. Watt
53%
LOLB - T. SizzleTerrell Suggs
53%
RB - Quad FatherA.J. Dillon
51%
RE - JPPJason Pierre-Paul
51%
SS - HitmanHarrison Smith
42%
RB - FlashCordarelle Patterson
38%
LT - The TerrorTerron Armstead
36%
LE - Furious GeorgeGeorge Karlaftis
33%
K - LegatronGreg Zuerlein
31%
LOLB - ManiacShaquille Leonard
22%

Score Distribution

Percentile by Number Answered

Percent of People with Each Score

Your Score History

You have not taken this quiz since the last reset